Statistics for One Team NHL Hockey Players

Click here to take the quiz!

General Stats

  • This quiz has been taken 51 times
  • The average score is 13 of 22

Answer Stats

YearsTeamAnswer% Correct
2007-BlackhawksPatrick Kane
98%
2005-PenguinsSidney Crosby
96%
2004-CapitalsAlex Ovechkin
93%
2000-2018CanucksDaniel Sedin
89%
2000-2018CanucksHenrik Sedin
89%
1984-1997; 2000-2006PenguinsMario Lemieux
89%
1988-2009Nordiques/AvalancheJoe Sakic
85%
1991-2015DevilsMartin Brodeur
78%
1977-1987IslandersMike Bossy
70%
1983-2006Red WingsSteve Yzerman
70%
1942-1960CanadiensMaurice Richard
67%
2001–2016Red WingsPavel Datsyuk
65%
1969-1989FlyersBobby Clarke
61%
1991-2006Red WingsNick Lidstrom
61%
1958-1980BlackhawksStan Mikita
54%
1970-1987SabresGilbert Perreault
52%
1950-1971CanadiensJean Beliveau
48%
1960-1978RangersRod Gilbert
22%
1936-1942;1945-1955BruinsMitt Schmidt
9%
1942-1957Maple LeafsTed Kennedy
9%
1962-1974CanadiensJacques Laperriere
4%
1936-1944; 1945-1948RangersBrian Hextall
2%

Score Distribution

Percentile by Number Answered

Percent of People with Each Score

Your Score History

You have not taken this quiz